[Event "Sparkassen-Open A"]
[Site "Heusenstamm, Martinsee"]
[Date "2023.11.26"]
[Round "6.32"]
[White "Seidel, Andre"]
[Black "Rutsatz, Mario"]
[Result "1/2-1/2"]
[WhiteElo "2181"]
[BlackElo "1922"]
[PlyCount "111"]
[EventDate "2023.??.??"]
[WhiteTeam "SV Oberursel"]
[BlackTeam "SC 1961 König Nied"]

1. e4 e6 2. d4 d5 3. Nc3 Bb4 4. e5 c5 5. a3 Bxc3+ 6. bxc3 Ne7 7. Qg4 Qc7 8. Qxg7 Rg8 9. Qxh7 cxd4 10. Ne2 Nbc6 11. f4 dxc3 12. Qd3 d4 13. Nxd4 Nxd4 14. Qxd4 Bd7 15. Rg1 Qc6 16. g4 Rh8 17. h3 Rc8 18. Bg2 Qb5 19. Qb4 b6 20. Qxb5 Bxb5 21. a4 Bc6 22. Kf2 Bxg2 23. Kxg2 Nd5 24. Rf1 Rc4 25. Rf2 Re4 26. Ra2 Nb4 27. Ra1 Re1 28. Rb1 Na2 29. Rf1 Rxf1 30. Kxf1 Nxc1 31. Rxc1 Rxh3 32. Kg2 Re3 33. a5 bxa5 34. Ra1 Re2+ 35. Kf3 Rxc2 36. Rxa5 Rc1 37. Ke2 Rg1 38. Kd3 Rg3+ 39. Kc2 Rxg4 40. Kxc3 Rxf4 41. Rxa7 Kf8 42. Kd3 Kg7 43. Ke3 Rf1 44. Ke4 Rb1 45. Ra2 Rb4+ 46. Ke3 f5 47. exf6+ Kxf6 48. Ra3 Kf5 49. Ra5+ e5 50. Ra3 Rh4 51. Ke2 Rh2+ 52. Ke1 Kf4 53. Rb3 e4 54. Ra3 Rb2 55. Rc3 e3 56. Rc8 1/2-1/2

[Event "Sparkassen-Open A"]
[Site "Heusenstamm, Martinsee"]
[Date "2023.11.26"]
[Round "6.33"]
[White "Benninger, Rudolf"]
[Black "Baranyai-Molnar, Adam-Kristof"]
[Result "1-0"]
[WhiteElo "1987"]
[BlackElo "1948"]
[PlyCount "63"]
[EventDate "2023.??.??"]
[WhiteTeam "SC Heusenstamm"]
[BlackTeam "SF Neuberg"]

1. e4 c5 2. c3 d5 3. exd5 Qxd5 4. d4 Nc6 5. Nf3 Bf5 6. Be3 cxd4 7. Nxd4 Nf6 8. Be2 Nxd4 9. cxd4 Qxg2 10. Bf3 Qg6 11. Nc3 Bc2 12. Qd2 Be4 13. Nxe4 Nxe4 14. Qc2 f5 15. Rc1 Qe6 16. Bxe4 Qxe4 17. Qxe4 fxe4 18. Ke2 Rd8 19. Rc7 Rd7 20. Rhc1 g6 21. Rc8+ Kf7 22. R1c7 Bg7 23. Rxd7 Rxc8 24. Rxb7 a6 25. Kd2 Rc6 26. Bg5 Bxd4 27. Rxe7+ Kf8 28. Rb7 h6 29. Be3 Be5 30. h3 Bc7 31. b3 Ke7 32. Bf4 1-0

[Event "Sparkassen-Open A"]
[Site "Heusenstamm, Martinsee"]
[Date "2023.11.26"]
[Round "6.34"]
[White "Küpper, Martin"]
[Black "Capelja, Christian"]
[Result "1/2-1/2"]
[WhiteElo "1941"]
[BlackElo "2007"]
[PlyCount "48"]
[EventDate "2023.??.??"]
[WhiteTeam "SC Fulda"]
[BlackTeam "SpVgg Rommelshausen"]

1. Nf3 Nf6 2. c4 g6 3. d4 Bg7 4. e3 O-O 5. Be2 c5 6. O-O d6 7. Nc3 Nc6 8. d5 Na5 9. h3 a6 10. a4 b5 11. cxb5 axb5 12. Bxb5 Ba6 13. Bxa6 Rxa6 14. Qe2 Qa8 15. Rb1 Nd7 16. Bd2 Ne5 17. Nxe5 Bxe5 18. Nb5 Rb6 19. Bc3 Bg7 20. b3 Rfb8 21. Bxg7 Kxg7 22. Nc3 Qa6 23. Qxa6 Rxa6 24. f3 Rab6 1/2-1/2

[Event "Sparkassen-Open A"]
[Site "Heusenstamm, Martinsee"]
[Date "2023.11.26"]
[Round "6.35"]
[White "Swoboda, Philipp"]
[Black "Kulenovic, Adnan"]
[Result "1-0"]
[WhiteElo "2030"]
[BlackElo "1907"]
[PlyCount "95"]
[EventDate "2023.??.??"]
[WhiteTeam "SV Frankfurt Nord 1926"]
[BlackTeam "SC Springer Rodenbach"]

1. d4 g6 2. c4 Bg7 3. e4 c5 4. d5 d6 5. Nc3 Nf6 6. Nf3 O-O 7. Be2 a6 8. a4 Nbd7 9. O-O Ne8 10. Bf4 Qc7 11. Qd2 Ne5 12. Ne1 f5 13. h3 Nf6 14. exf5 gxf5 15. Nf3 Nxf3+ 16. Bxf3 Nd7 17. Bh5 Ne5 18. Bh6 Bxh6 19. Qxh6 Rf6 20. Qg5+ Kh8 21. f4 h6 22. Qh4 Nxc4 23. g4 Bd7 24. g5 Rg8 25. Kh1 Rfg6 26. Bxg6 Rxg6 27. Rae1 e6 28. dxe6 Bxe6 29. Rg1 Nd2 30. Re3 Qc6+ 31. Rg2 d5 32. Reg3 Nf1 33. Rd3 d4 34. Qe1 Ne3 35. Rxe3 dxe3 36. Qxe3 Kh7 37. h4 hxg5 38. fxg5 Bd5 39. Qe7+ Rg7 40. g6+ Kh8 41. Qf8+ Bg8 42. Qxf5 Re7 43. Ne4 Kg7 44. Ng3 Bd5 45. Nh5+ Kg8 46. Nf6+ Kg7 47. Nxd5 Rd7 48. Qe5+ 1-0

[Event "Sparkassen-Open A"]
[Site "Heusenstamm, Martinsee"]
[Date "2023.11.26"]
[Round "6.36"]
[White "Herrmann, Jakob"]
[Black "Weil, Michael"]
[Result "1-0"]
[WhiteElo "2037"]
[BlackElo "1882"]
[PlyCount "55"]
[EventDate "2023.??.??"]
[WhiteTeam "SAV Torgelow-Drögeheide 90"]
[BlackTeam "SC Steinbach"]

1. e4 e6 2. d4 d5 3. e5 c5 4. c3 Nc6 5. Nf3 Qb6 6. Bd3 cxd4 7. O-O Bd7 8. Re1 Rc8 9. Ng5 g6 10. Qf3 Nd8 11. h4 Bb5 12. Bxb5+ Qxb5 13. cxd4 Be7 14. Nc3 Qd7 15. h5 a6 16. g3 Rc4 17. Ne2 b5 18. Kg2 Rxc1 19. hxg6 fxg6 20. Nxe6 Nxe6 21. Raxc1 Nh6 22. Nc3 Ng5 23. e6 Nxf3 24. exd7+ Kxd7 25. Kxf3 Rf8+ 26. Kg2 Nf5 27. Nxd5 Bd6 28. Nb6+ 1-0

[Event "Sparkassen-Open A"]
[Site "Heusenstamm, Martinsee"]
[Date "2023.11.26"]
[Round "6.37"]
[White "Burkhardt, Holger"]
[Black "Marcziter, Alex"]
[Result "1-0"]
[WhiteElo "2034"]
[BlackElo "1791"]
[PlyCount "67"]
[EventDate "2023.??.??"]
[WhiteTeam "SK 1858 Gießen"]
[BlackTeam "SG Porz e. V."]

1. e4 e5 2. Nf3 Nc6 3. Nc3 Nf6 4. Bb5 Bb4 5. O-O O-O 6. d3 d6 7. Bg5 Bxc3 8. bxc3 Qe7 9. Re1 Nd8 10. d4 Ne6 11. Bc1 Rd8 12. Bd3 Nf8 13. h3 c5 14. a4 Ng6 15. d5 h6 16. Bf1 Qc7 17. Nd2 Bd7 18. Nc4 b6 19. g3 a6 20. f4 b5 21. fxe5 Nxe5 22. Nxe5 dxe5 23. Qf3 Ne8 24. axb5 axb5 25. Rxa8 Rxa8 26. c4 bxc4 27. Bxc4 Nd6 28. Bf1 f5 29. exf5 e4 30. Qf4 Bxf5 31. Bb2 Bh7 32. Be5 Rd8 33. Ra1 Qb6 34. Ra6 1-0

[Event "Sparkassen-Open A"]
[Site "Heusenstamm, Martinsee"]
[Date "2023.11.26"]
[Round "6.39"]
[White "Kutzner, Stephen"]
[Black "Merz, Leander"]
[Result "1/2-1/2"]
[WhiteElo "2039"]
[BlackElo "1743"]
[PlyCount "84"]
[EventDate "2023.??.??"]
[WhiteTeam "Godesberger SK 1929 e. V"]
[BlackTeam "Schachforum Darmstadt 1994"]

1. e4 c6 2. d4 d5 3. e5 c5 4. dxc5 e6 5. a3 Nc6 6. Nf3 Bxc5 7. b4 Bb6 8. Bd3 Bd7 9. Nbd2 Nge7 10. O-O Qc7 11. Re1 Ng6 12. Bb2 O-O 13. Ng5 Nce7 14. c4 dxc4 15. Rc1 Bxf2+ 16. Kxf2 Qb6+ 17. Kf1 cxd3 18. Nc4 Qa6 19. Kg1 Nf4 20. Kh1 h6 21. Ne4 Bc6 22. Qd2 Bxe4 23. Rxe4 Ne2 24. Rd1 Rac8 25. b5 Qxb5 26. Nd6 Qd5 27. Nxc8 Rxc8 28. Qxd3 Qxd3 29. Rxd3 Rc2 30. Rde3 Rxb2 31. Rxe2 Rb5 32. Kg1 Nd5 33. Rc2 g5 34. Kf2 a5 35. Rec4 Rb3 36. Rc8+ Kg7 37. Ra8 Rxa3 38. Rcc8 Ra2+ 39. Kf3 Ra3+ 40. Ke4 Ra4+ 41. Kf3 Ra3+ 42. Kf2 Ra2+ 1/2-1/2

[Event "Sparkassen-Open A"]
[Site "Heusenstamm, Martinsee"]
[Date "2023.11.26"]
[Round "6.40"]
[White "Lenz, Joshua"]
[Black "Vihan, Shourya"]
[Result "1-0"]
[WhiteElo "1806"]
[BlackElo "2044"]
[PlyCount "75"]
[EventDate "2023.??.??"]
[WhiteTeam "SV Turm Lahnstein"]
[BlackTeam "SV 1920 Hofheim"]

1. e4 c5 2. d4 cxd4 3. c3 dxc3 4. Nxc3 e6 5. Nf3 Nc6 6. Bc4 Bb4 7. O-O Nge7 8. Qc2 O-O 9. Rd1 a6 10. Be3 Qc7 11. a3 Bxc3 12. Qxc3 Na5 13. Ba2 Qxc3 14. bxc3 Nac6 15. Bc5 Re8 16. c4 Ng6 17. Bd6 f6 18. c5 Nh8 19. Nd2 Nf7 20. Nc4 Nxd6 21. Nxd6 Rd8 22. Rab1 Kf8 23. f4 Ke7 24. Kf2 Rb8 25. Rb6 Na7 26. a4 Nc6 27. Ke3 Ra8 28. g3 a5 29. Bc4 Nb4 30. Rd2 Na6 31. Bxa6 bxa6 32. Rdb2 Ra7 33. Kd3 Rc7 34. Kc4 Rc6 35. Kd4 g6 36. Rb8 Rxd6+ 37. cxd6+ Kxd6 38. Rc2 1-0

[Event "Sparkassen-Open A"]
[Site "Heusenstamm, Martinsee"]
[Date "2023.11.26"]
[Round "6.41"]
[White "Krychevskiy, Dmytro"]
[Black "Berkes, Alexander"]
[Result "1-0"]
[WhiteElo "1888"]
[BlackElo "1974"]
[PlyCount "71"]
[EventDate "2023.??.??"]
[WhiteTeam "SV Oberursel"]
[BlackTeam "SK Langen"]

1. e4 e6 2. d4 d5 3. Nd2 Nf6 4. e5 Nfd7 5. Bd3 c5 6. c3 Nc6 7. Ngf3 Qb6 8. O-O cxd4 9. cxd4 Nxd4 10. Nxd4 Qxd4 11. Nf3 Qb6 12. a3 Be7 13. Qa4 f5 14. exf6 Bxf6 15. Be3 Qd6 16. Ng5 Bxg5 17. Bxg5 e5 18. Rad1 h6 19. Qh4 Nf6 20. Bg6+ Ke7 21. Rfe1 e4 22. Bxe4 Kf8 23. Bxd5 Nxd5 24. Be7+ Qxe7 25. Rxe7 Nxe7 26. Rd8+ Kf7 27. Rxh8 a5 28. Qc4+ Kg6 29. Qc7 Kf7 30. h4 b5 31. Rd8 b4 32. h5 bxa3 33. bxa3 Kf6 34. f4 a4 35. Rf8+ Ke6 36. Re8 1-0

[Event "Sparkassen-Open A"]
[Site "Heusenstamm, Martinsee"]
[Date "2023.11.26"]
[Round "6.42"]
[White "Wenzel, Calvin"]
[Black "Bender, Tim"]
[Result "1/2-1/2"]
[WhiteElo "1993"]
[BlackElo "1669"]
[PlyCount "70"]
[EventDate "2023.??.??"]
[WhiteTeam "SK 1980 Gernsheim"]
[BlackTeam "SC Hennweiler"]

1. e4 d6 2. d4 Nf6 3. Nc3 g6 4. f4 Bg7 5. Nf3 O-O 6. e5 dxe5 7. fxe5 Nd5 8. Bc4 Nxc3 9. bxc3 c5 10. d5 Qa5 11. Bd2 b5 12. Bd3 c4 13. Be4 Bb7 14. Qe2 Nd7 15. O-O Nc5 16. Ng5 h6 17. Nxf7 Nxe4 18. Qxe4 Rxf7 19. Rxf7 Kxf7 20. Be3 Qxc3 21. Bd4 Qd2 22. e6+ Kg8 23. Bxg7 Qxd5 24. Qxg6 Qxg2+ 25. Qxg2 Bxg2 26. Bxh6 Bh3 27. Re1 Kh7 28. Bf4 Rf8 29. Re3 Bf5 30. c3 Rf6 31. Bg5 Rxe6 32. Rxe6 Bxe6 33. Bxe7 a5 34. a3 Kg6 35. Kf2 Kf5 1/2-1/2

[Event "Sparkassen-Open A"]
[Site "Heusenstamm, Martinsee"]
[Date "2023.11.26"]
[Round "6.43"]
[White "Mährlein, Christoph"]
[Black "Moldenhauer, Lennart"]
[Result "1-0"]
[WhiteElo "1986"]
[BlackElo "1569"]
[PlyCount "83"]
[EventDate "2023.??.??"]
[WhiteTeam "SC Pforzheim 1906"]
[BlackTeam "SV Oberursel"]

1. Nf3 g6 2. d4 Bg7 3. e4 d6 4. Nc3 a6 5. a4 Nf6 6. h3 Nc6 7. Be3 O-O 8. Be2 e5 9. d5 Ne7 10. Qd2 Nxe4 11. Nxe4 f5 12. Neg5 h6 13. g3 hxg5 14. Bxg5 Qe8 15. h4 e4 16. Nd4 Nxd5 17. h5 Qe5 18. c3 c5 19. Nc2 Nxc3 20. bxc3 Qxc3 21. Ra3 Qxd2+ 22. Kxd2 Be6 23. hxg6 Bf6 24. Bh6 Bg7 25. Bxg7 Kxg7 26. Rh7+ Kxg6 27. Rxb7 Rfd8 28. Rb6 Rab8 29. Rxa6 Kf6 30. Bb5 Ke5 31. Rc3 Rdc8 32. f4+ Kf6 33. Ne3 Rh8 34. Rxd6 Rh2+ 35. Kc1 Rh1+ 36. Rd1 Rh3 37. Nd5+ Kf7 38. Nc7 Ba2 39. Rd2 Rh1+ 40. Kb2 Be6 41. Nxe6 Kxe6 42. Rxc5 1-0

[Event "Sparkassen-Open A"]
[Site "Heusenstamm, Martinsee"]
[Date "2023.11.26"]
[Round "6.44"]
[White "Zimmer, Gerald"]
[Black "Schröder, Jürgen"]
[Result "0-1"]
[WhiteElo "1897"]
[BlackElo "2009"]
[PlyCount "76"]
[EventDate "2023.??.??"]
[WhiteTeam "SC Bergen-Enkheim 1922"]
[BlackTeam "SC Matt im Park Ffm"]

1. d4 g6 2. Nf3 Bg7 3. c4 d6 4. e4 Bg4 5. Be2 Nc6 6. Be3 e5 7. dxe5 dxe5 8. Nc3 Bxf3 9. Bxf3 Nd4 10. O-O Nf6 11. Bxd4 exd4 12. Nb5 O-O 13. Nxd4 Nxe4 14. Bxe4 Qxd4 15. Qxd4 Bxd4 16. Rab1 c6 17. b3 f5 18. Bf3 Kf7 19. Rbd1 Rad8 20. Rfe1 Kf6 21. Kf1 Bc3 22. Rxd8 Rxd8 23. Rd1 Rxd1+ 24. Bxd1 Ke5 25. Ke2 Kd4 26. a4 Bb4 27. Bc2 Kc3 28. Bd1 Bd6 29. h3 h5 30. Ke3 h4 31. Ke2 g5 32. f3 Bf4 33. Ke1 c5 34. Ke2 a5 35. Ke1 Bg3+ 36. Ke2 f4 37. Kf1 Kd2 38. Be2 Be1 0-1

[Event "Sparkassen-Open A"]
[Site "Heusenstamm, Martinsee"]
[Date "2023.11.26"]
[Round "6.45"]
[White "Waffenschmidt, Joachim"]
[Black "Burkhardt, Jan"]
[Result "1/2-1/2"]
[WhiteElo "2001"]
[BlackElo "1688"]
[PlyCount "38"]
[EventDate "2023.??.??"]
[WhiteTeam "SV 1920 Hofheim"]
[BlackTeam "Sfr.Mainz 1928"]

1. d4 d5 2. c4 dxc4 3. e3 e6 4. Bxc4 Nf6 5. Nf3 c5 6. O-O a6 7. a4 Nc6 8. Nc3 cxd4 9. exd4 Be7 10. Bg5 O-O 11. Re1 h6 12. Bh4 Bd7 13. Ne5 Rc8 14. Bb3 Nb4 15. Qe2 Re8 16. Rad1 Nfd5 17. Nxd5 Nxd5 18. Bxd5 exd5 19. Qh5 Be6 1/2-1/2

[Event "Sparkassen-Open A"]
[Site "Heusenstamm, Martinsee"]
[Date "2023.11.26"]
[Round "6.46"]
[White "Mester, Philipp"]
[Black "Marcziter, Dmitrii"]
[Result "0-1"]
[WhiteElo "1806"]
[BlackElo "2224"]
[PlyCount "70"]
[EventDate "2023.??.??"]
[WhiteTeam "SVG CAISSA Kassel"]
[BlackTeam "SG Porz e. V."]

1. d4 Nf6 2. c4 g6 3. f3 Bg7 4. e4 d6 5. Nc3 O-O 6. Nge2 c5 7. d5 e6 8. Ng3 exd5 9. cxd5 a6 10. a4 Re8 11. Be2 h5 12. Bg5 Qa5 13. O-O Nbd7 14. Qc2 Nh7 15. Be3 h4 16. Nh1 h3 17. g3 f5 18. Nf2 Ne5 19. f4 Ng4 20. Nxg4 fxg4 21. Bd3 Bf5 22. Rae1 c4 23. exf5 Rxe3 24. Be4 Qc5 25. Kh1 Bxc3 26. bxc3 Nf6 27. Qb1 Rxe4 28. Qxb7 Rae8 29. Rd1 gxf5 30. Qxa6 Re2 31. Qc6 Qe3 32. Qxc4 Qe4+ 33. Qxe4 R8xe4 34. Ra1 Rc2 35. a5 Ree2 0-1

[Event "Sparkassen-Open A"]
[Site "Heusenstamm, Martinsee"]
[Date "2023.11.26"]
[Round "6.47"]
[White "Henrich, Thomas"]
[Black "Berberich, Christoph"]
[Result "1-0"]
[WhiteElo "2132"]
[BlackElo "1859"]
[PlyCount "111"]
[EventDate "2023.??.??"]
[WhiteTeam "SK Marburg 1931/72"]
[BlackTeam "SK Freiburg-Zähringen 1887 e.V."]

1. d4 Nf6 2. c4 c5 3. d5 b5 4. cxb5 a6 5. e3 g6 6. Nc3 Bg7 7. Nf3 O-O 8. bxa6 Nxa6 9. Be2 e6 10. e4 Bb7 11. O-O Qb6 12. Re1 exd5 13. e5 Ng4 14. h3 Nh6 15. Nxd5 Bxd5 16. Qxd5 Nb4 17. Qc4 d5 18. exd6 Qxd6 19. Bf4 Qd5 20. Red1 Qxc4 21. Bxc4 Nf5 22. Be5 Nh4 23. Bxg7 Nxf3+ 24. gxf3 Kxg7 25. Rd7 Rab8 26. b3 Rbd8 27. Rc7 Rc8 28. Rxc8 Rxc8 29. a4 Nc2 30. Ra2 Nd4 31. Kg2 Ra8 32. a5 Nc6 33. a6 Ra7 34. Rd2 Na5 35. Rd6 Nxc4 36. bxc4 Kf8 37. Kg3 Ke7 38. Rb6 Kd7 39. Kf4 Kc7 40. Rf6 Kb8 41. Rc6 f5 42. h4 Rd7 43. Rxc5 Rd4+ 44. Kg3 Rd6 45. Ra5 Ka7 46. c5 Rd5 47. Kf4 h6 48. Rb5 Rd4+ 49. Kg3 g5 50. Rb7+ Ka8 51. c6 gxh4+ 52. Kh3 Rd8 53. c7 Rc8 54. Kxh4 f4 55. Kh5 Rf8 56. Rb8+ 1-0

[Event "Sparkassen-Open A"]
[Site "Heusenstamm, Martinsee"]
[Date "2023.11.26"]
[Round "6.48"]
[White "Nagel, Matthias"]
[Black "Wiley, Tom E"]
[Result "0-1"]
[WhiteElo "1893"]
[BlackElo "2152"]
[PlyCount "110"]
[EventDate "2023.??.??"]
[WhiteTeam "SV 1920 Kelsterbach"]
[BlackTeam "Kraainem Belgium"]

1. d4 Nf6 2. Nc3 d5 3. Bf4 a6 4. e3 e6 5. Nf3 c5 6. dxc5 Bxc5 7. Bd3 Nc6 8. a3 O-O 9. Ne5 Bd6 10. Nxc6 bxc6 11. Bxd6 Qxd6 12. O-O a5 13. Na4 c5 14. c4 Bd7 15. Rc1 Rfc8 16. Qc2 Bxa4 17. Qxa4 d4 18. exd4 cxd4 19. f3 Nd7 20. Qc2 g6 21. Rfd1 Rab8 22. Rb1 Nc5 23. b4 axb4 24. axb4 Nxd3 25. Qxd3 Rxb4 26. Rxb4 Qxb4 27. Qxd4 Qxc4 28. Qxc4 Rxc4 29. Rd2 g5 30. Kf2 h5 31. h3 Kg7 32. Kg3 Kg6 33. Re2 Kf5 34. Ra2 h4+ 35. Kf2 Kf4 36. Re2 e5 37. Ra2 f5 38. Rb2 e4 39. fxe4 fxe4 40. Ra2 Rd4 41. Ra5 Rd2+ 42. Kf1 Ke3 43. Ra3+ Rd3 44. Ra1 Rc3 45. Ke1 Rb3 46. Rd1 Rb2 47. Kf1 Rf2+ 48. Kg1 Rd2 49. Ra1 Ke2 50. Ra5 Rd1+ 51. Kh2 e3 52. Rxg5 Ke1 53. g4 e2 54. Kg2 Kd2 55. Rd5+ Kc3 0-1

[Event "Sparkassen-Open A"]
[Site "Heusenstamm, Martinsee"]
[Date "2023.11.26"]
[Round "6.49"]
[White "Vangsgaard, Claus"]
[Black "Lenhard, Martin"]
[Result "1/2-1/2"]
[WhiteElo "1853"]
[BlackElo "2060"]
[PlyCount "88"]
[EventDate "2023.??.??"]
[WhiteTeam "Vejlby-Risskov SK"]
[BlackTeam "SV 1920 Hofheim"]

1. e4 e6 2. d3 d5 3. Nd2 c5 4. Ngf3 Nf6 5. g3 Nc6 6. Bg2 Be7 7. O-O b6 8. e5 Nd7 9. Re1 Qc7 10. Qe2 Bb7 11. Nf1 O-O-O 12. c3 Kb8 13. Bd2 h6 14. d4 g5 15. Rec1 c4 16. b4 Rdg8 17. h3 Bc8 18. Re1 Qd8 19. N3h2 Qf8 20. Ne3 Bb7 21. a4 Bd8 22. Reb1 Qe8 23. Nxc4 dxc4 24. Qxc4 Ncxe5 25. dxe5 Bxg2 26. Kxg2 Nxe5 27. Qe4 Qc6 28. Qxc6 Nxc6 29. c4 Bf6 30. Ra2 Rd8 31. a5 Rd7 32. axb6 axb6 33. Be3 Bd4 34. Bxd4 Rxd4 35. Rc2 Ne5 36. c5 Rc8 37. Nf3 Nxf3 38. Kxf3 Kb7 39. Ke3 Rd5 40. Rbc1 bxc5 41. Rxc5 Rcxc5 42. Rxc5 Rd1 43. Rb5+ Kc7 44. Ra5 Kb7 1/2-1/2

[Event "Sparkassen-Open A"]
[Site "Heusenstamm, Martinsee"]
[Date "2023.11.26"]
[Round "6.50"]
[White "Hinz, André"]
[Black "Leibbrand, Udo"]
[Result "1/2-1/2"]
[WhiteElo "1690"]
[BlackElo "2053"]
[PlyCount "152"]
[EventDate "2023.??.??"]
[WhiteTeam "SC Brett vorm Kopp Ffm"]
[BlackTeam "SC Pforzheim 1906"]

1. c4 e6 2. Nf3 Nf6 3. e3 b6 4. Nc3 Bb7 5. Be2 Be7 6. O-O O-O 7. a3 d5 8. b3 c5 9. d4 dxc4 10. bxc4 cxd4 11. exd4 a6 12. h3 Qc7 13. Qd3 Nbd7 14. Be3 Rac8 15. Nd2 e5 16. Rfc1 exd4 17. Bxd4 Rfd8 18. Qb1 Bc5 19. Nb3 Bxd4 20. Nxd4 Nc5 21. Nf5 Re8 22. Bf1 Nfe4 23. Ne3 Nxf2 24. Ned5 Qg3 25. Qf5 Nfd3 26. Rd1 Ne5 27. Rab1 Rc6 28. Ne7+ Kf8 29. Nxc6 Bxc6 30. Nd5 Ba4 31. Re1 Bc2 32. Qh5 Bg6 33. Qe2 Bxb1 34. Rxb1 Qxa3 35. Rxb6 Qa1 36. Qh5 Qd4+ 37. Kh1 Ne4 38. Qxh7 Ng3+ 39. Kh2 Nxf1+ 40. Kh1 Ng3+ 41. Kh2 Nf1+ 42. Kh1 Ng6 43. Rxg6 fxg6 44. Qxg6 Ne3 45. Qd6+ Kg8 46. Ne7+ Rxe7 47. Qxd4 g6 48. Qd6 Kf7 49. g4 Re6 50. Qc7+ Kf6 51. h4 Re4 52. Qc6+ Ke5 53. c5 Rxg4 54. Qxa6 Rxh4+ 55. Kg1 Rg4+ 56. Kf2 Nf5 57. c6 Rf4+ 58. Ke1 Re4+ 59. Kd2 Kd6 60. Qb7 Re7 61. Qa8 Rc7 62. Qg8 Ne7 63. Qg7 Rxc6 64. Qf6+ Kd7 65. Qg7 Rc5 66. Ke2 Ke6 67. Kf2 Rf5+ 68. Kg2 Rf7 69. Qh6 Kf6 70. Qh8+ Ke6 71. Qh3+ Nf5 72. Qb3+ Kf6 73. Qb2+ Ke7 74. Qb4+ Nd6 75. Kg3 Rf5 76. Kg4 Rb5 1/2-1/2

[Event "Sparkassen-Open A"]
[Site "Heusenstamm, Martinsee"]
[Date "2023.11.26"]
[Round "6.51"]
[White "McAdam, Mark"]
[Black "Wilke, Jörg"]
[Result "1-0"]
[WhiteElo "2037"]
[BlackElo "1853"]
[PlyCount "141"]
[EventDate "2023.??.??"]
[WhiteTeam "SC Brett vorm Kopp Ffm"]
[BlackTeam "SC Matt im Park Ffm"]

1. d4 d5 2. Nf3 Bf5 3. c4 dxc4 4. Nc3 Nf6 5. Bg5 Nbd7 6. e3 e6 7. Bxc4 c6 8. O-O Qc7 9. Qe2 Ne4 10. Bf4 Bd6 11. Bxd6 Qxd6 12. Nh4 Nxc3 13. bxc3 O-O 14. e4 Bg6 15. f4 b5 16. Bb3 Qe7 17. g3 Nf6 18. Bc2 Bh5 19. Qd3 Nd7 20. e5 Bg6 21. f5 exf5 22. Nxf5 Bxf5 23. Rxf5 g6 24. Rf4 Kg7 25. Qe4 Rac8 26. Raf1 Nb6 27. Rf6 Nc4 28. Qf4 c5 29. h4 cxd4 30. Bf5 gxf5 31. Qh6+ Kh8 32. R1xf5 Nxe5 33. Rh5 Nf3+ 34. Rxf3 Qe1+ 35. Kg2 Qe2+ 36. Rf2 Qe4+ 37. Kh2 Qg6 38. cxd4 Qxh6 39. Rxh6 Rc4 40. d5 Rd4 41. Rd6 a5 42. h5 Kg8 43. Kh3 Re8 44. h6 Kf8 45. Rf5 Re1 46. Ra6 Red1 47. Ra8+ Ke7 48. Ra7+ Kd6 49. Raxf7 Rh1+ 50. Kg2 Rxh6 51. Ra7 Rd2+ 52. Kf3 Rg6 53. Rxa5 Rd3+ 54. Ke4 Rdxg3 55. Ra6+ Kc5 56. d6+ Kb4 57. d7 R6g4+ 58. Ke5 Re3+ 59. Kf6 Rg6+ 60. Kf7 Rd3 61. Rf4+ Kc3 62. Rxg6 hxg6 63. Ke7 g5 64. Rg4 Re3+ 65. Kd6 Kb2 66. Rg2+ Ka3 67. d8=Q Rd3+ 68. Kc7 Rxd8 69. Kxd8 b4 70. Ke7 g4 71. Kf6 1-0

[Event "Sparkassen-Open A"]
[Site "Heusenstamm, Martinsee"]
[Date "2023.11.26"]
[Round "6.52"]
[White "Schmidbauer, Frank"]
[Black "Vranckx, Oscar"]
[Result "1/2-1/2"]
[WhiteElo "2042"]
[BlackElo "1643"]
[PlyCount "65"]
[EventDate "2023.??.??"]
[WhiteTeam "SV Wollishofen Zürich"]
[BlackTeam "Sfr.Mainz 1928"]

1. Nf3 Nf6 2. g3 d5 3. Bg2 c5 4. O-O Nc6 5. d4 e6 6. c4 cxd4 7. Nxd4 Bc5 8. Nxc6 bxc6 9. Qc2 Be7 10. Rd1 Bd7 11. Nc3 Rc8 12. e4 dxe4 13. Nxe4 Nxe4 14. Bxe4 f5 15. Bg2 Qc7 16. Qe2 e5 17. Re1 e4 18. f3 O-O 19. fxe4 Bc5+ 20. Be3 Qe5 21. Rad1 Be6 22. b3 fxe4 23. Bxc5 Qxc5+ 24. Qe3 Qh5 25. Rd4 Bf5 26. Bxe4 Rce8 27. Qd2 Bh3 28. Bg2 Bxg2 29. Kxg2 Qf3+ 30. Kg1 Re6 31. Rd7 h5 32. Rd4 Re5 33. Rf4 1/2-1/2

[Event "Sparkassen-Open A"]
[Site "Heusenstamm, Martinsee"]
[Date "2023.11.26"]
[Round "6.53"]
[White "Dorfner, Jeremias"]
[Black "Pfarr, Michael"]
[Result "1/2-1/2"]
[WhiteElo "1712"]
[BlackElo "2039"]
[PlyCount "89"]
[EventDate "2023.??.??"]
[WhiteTeam "TV-Großostheim 1900 e.V."]
[BlackTeam "SK 1928 Mömbris"]

1. e4 c5 2. Nf3 Nc6 3. Bb5 e6 4. O-O d6 5. Re1 Bd7 6. c3 a6 7. Bf1 Nge7 8. d4 cxd4 9. cxd4 Ng6 10. Nc3 Be7 11. Be3 O-O 12. Rc1 b5 13. d5 Nce5 14. Nxe5 Nxe5 15. f4 Nc4 16. Bxc4 bxc4 17. Na4 exd5 18. exd5 Bf6 19. Rxc4 Bb5 20. Rb4 Rb8 21. a3 a5 22. Re4 Bxa4 23. Qxa4 Rxb2 24. Qc6 Qc8 25. Qxd6 Qc2 26. Bd2 g6 27. Qxf6 Qxd2 28. Qg5 Qf2+ 29. Kh1 f6 30. Qg3 Qxg3 31. hxg3 Rd2 32. Ra4 Rxd5 33. Re6 Rc8 34. g4 Kg7 35. Ra6 h5 36. R6xa5 Rd1+ 37. Kh2 hxg4 38. Ra7+ Kh6 39. Rf7 f5 40. Raa7 g3+ 41. Kh3 Rh8 42. Kxg3 Rd3+ 43. Kf2 Kh5 44. Rg7 Rb8 45. Rab7 1/2-1/2

[Event "Sparkassen-Open A"]
[Site "Heusenstamm, Martinsee"]
[Date "2023.11.26"]
[Round "6.54"]
[White "Harringer, Manfred"]
[Black "Prill, Gerhard"]
[Result "1-0"]
[WhiteElo "2031"]
[BlackElo "1835"]
[PlyCount "49"]
[EventDate "2023.??.??"]
[WhiteTeam "Bergische SF 1923 Ber"]
[BlackTeam "SC Heitersheim"]

1. e4 e5 2. Nf3 Nc6 3. Bb5 a6 4. Ba4 Nf6 5. O-O Nxe4 6. d4 b5 7. Bb3 d5 8. dxe5 Be6 9. Nbd2 Nc5 10. c3 Nxb3 11. Nxb3 Be7 12. h3 O-O 13. Be3 Qd7 14. Bc5 Rfd8 15. Re1 h6 16. Qe2 Qe8 17. Nfd4 Bg5 18. Qf3 Rdb8 19. Qg3 a5 20. f4 Bd8 21. f5 Bc8 22. e6 Nxd4 23. Bxd4 f6 24. e7 Bxe7 25. Bxf6 1-0

[Event "Sparkassen-Open A"]
[Site "Heusenstamm, Martinsee"]
[Date "2023.11.26"]
[Round "6.55"]
[White "Rödel, Jannis"]
[Black "Junker, Christian"]
[Result "0-1"]
[WhiteElo "1773"]
[BlackElo "2023"]
[PlyCount "54"]
[EventDate "2023.??.??"]
[WhiteTeam "SVG CAISSA Kassel"]
[BlackTeam "SV 1926 Neu-Isenburg"]

1. c4 d6 2. g3 Nd7 3. Bg2 g6 4. Nc3 Bg7 5. d3 Ngf6 6. e4 e5 7. Nge2 c6 8. O-O O-O 9. f4 a5 10. h3 h5 11. Be3 Kh7 12. Rc1 b6 13. a3 Bb7 14. Bf3 Rh8 15. Qb3 Rb8 16. Rfd1 Qe7 17. Bxb6 Ba6 18. fxe5 Nxe5 19. Rf1 Ned7 20. e5 Qxe5 21. d4 Qe3+ 22. Kg2 Rxb6 23. Qa2 d5 24. cxd5 Bxe2 25. Nxe2 cxd5 26. Rc3 Qd2 27. Rb3 Rhb8 0-1

[Event "Sparkassen-Open A"]
[Site "Heusenstamm, Martinsee"]
[Date "2023.11.26"]
[Round "6.56"]
[White "Diehl, Stefan"]
[Black "Mayer, Frank"]
[Result "0-1"]
[WhiteElo "1789"]
[BlackElo "2006"]
[PlyCount "50"]
[EventDate "2023.??.??"]
[WhiteTeam "SC 1910 Höchst"]
[BlackTeam "Wiesbadener SV 1885"]

1. f4 d5 2. Nf3 Bg4 3. e3 Nd7 4. d4 Ngf6 5. Be2 e6 6. Nbd2 c5 7. O-O Be7 8. b3 cxd4 9. exd4 Qc7 10. c4 Qxf4 11. Nb1 Qc7 12. Nc3 a6 13. Be3 O-O 14. Rc1 Ba3 15. Rc2 Bf5 16. Bd3 Bxd3 17. Qxd3 dxc4 18. bxc4 Be7 19. Ng5 h6 20. Nge4 Rad8 21. Bf4 Qb6 22. c5 Nxc5 23. Nxc5 Rxd4 24. Qe3 Bxc5 25. Na4 Rxa4 0-1